| 000 | 00000nam##2200000za#4500 |
| 001 | 9.614547 |
| 003 | CaOODSP |
| 005 | 20210615100914 |
| 007 | ta |
| 008 | 150406|1998||||xxc||||| f|0| 0 eng|d |
| 020 | |a0-662-27157-2 |
| 040 | |aCaOODSP|beng |
| 043 | |an-cn--- |
| 086 | 1 |aF21-6/1998-18E |
| 110 | 1 |aCanada.|bDepartment of Finance.|bTask Force on the Future of the Canadian Financial Services Sector. |
| 245 | 14|aThe Canadian venture capital industry : |bsources of capital and implications for industry structure / |cPrepared by Macdonald & Associates Limited. |
| 260 | |aOttawa - Ontario : |bFinance Canada. |c1998. |
| 300 | |a14p. : |bgraphs ; |c28 cm. |
| 490 | 1 |aResearch paper prepared for the Task Force on the Future of the Canadian Financial Services Sector |
| 500 | |aN.B.: Incorrect catalogue number (BT22-61/3-1998E-18) printed in this publication. |
| 563 | |aSoftcover |
| 590 | |a98-45|b1998-11-06 |
| 690 | 07|aIndustry|2gcpds |
| 775 | 08|tL'industrie canadienne du capital de risque : |w(CaOODSP)9.624864 |
| 776 | 0#|tThe Canadian venture capital industry : |w(CaOODSP)9.572314 |
| 830 | #0|aResearch paper prepared for the Task Force on the Future of the Canadian Financial Services Sector.|w(CaOODSP)9.514612 |